| 000 | 006100000a22001810004500 | ||
|---|---|---|---|
| 003 | MACL | ||
| 005 | 20160607130930.0 | ||
| 008 | 160607b xxu||||| |||| 00| 0 eng d | ||
| 040 |
_aMACL _cMACL |
||
| 041 | _aHindi | ||
| 082 | _a920 | ||
| 100 |
_aडॉ सिन्हा, नागेन्द्र _962611 |
||
| 245 |
_aगदर पार्टी के शहीद _cडॉ नागेन्द्र सिह |
||
| 260 |
_aदिल्ली _bसूर्य भारती प्रकाशन _c2011 |
||
| 350 | _a200 | ||
| 650 |
_aBiography _962612 |
||
| 942 |
_cHIN _k920/SIN _2ddc |
||
| 999 |
_c47313 _d47313 |
||